| 000 | 00651nam a22001931 4500 | ||
|---|---|---|---|
| 005 | 20260625114638.0 | ||
| 010 | _aENG-146415 | ||
| 020 |
_a9788195012022 _c350.00 |
||
| 035 | _aEN-129947 | ||
| 037 | _bDBAD | ||
| 082 |
_a631.3 _26 |
||
| 100 |
_aSahay, Jagdishwar _989467 |
||
| 245 |
_aElements of Agricultural Engineering/ _cJagdishwar Sahay |
||
| 250 | _a6 | ||
| 260 |
_aNew Delhi _bStandard Publishers _c2022 |
||
| 270 |
_a225, Gupta Place, A-2/42, Rajouri Garden Main Road _bNew Delhi _e110027 _k91-011-25415043,25435043 _l91-011-25374397 _msrallbooks3@bol.net.in |
||
| 300 |
_a564p. _c22cm.(pb) |
||
| 942 |
_cEN _h631.3 _mSAH _2ddc |
||
| 999 |
_c216788 _d216788 |
||